Awesome as I wanna be (my little pony) - lyrics - Statistics

General Stats
  • This quiz has been taken 63 times
  • The average score is 136 of 164
Answer Stats
Answer % Correct
a
100%
as
100%
Awesome
100%
awesome,
100%
awesome
100%
be
97%
I
97%
wanna
97%
When
97%
me
95%
you
95%
You
95%
I'm
92%
Yeah
92%
can
89%
caution
89%
for
89%
on
89%
out
89%
see
89%
so
89%
take
89%
the
89%
beat
87%
boom
87%
sonic
87%
Watch
87%
cant
84%
Hey
84%
hey
84%
my
84%
riding
84%
to
84%
defeat
82%
do
82%
First
82%
that
82%
is
79%
There
79%
nothing
76%
tune
74%
guitar
71%
Got
68%
got
68%
good
66%
latest
66%
shreddin'
66%
cooler
55%
percent
55%
could
53%
twenty
53%
up
53%
wish
53%
now
50%
in
47%
play
47%
you're
47%
it
45%
just
45%
never
45%
way
45%
ruler
42%
comes
39%
getting
39%
music
39%
hope
37%
making
37%
aside
34%
chops
34%
Step
34%
sick
32%
No matching quizzes found
Score Distribution
Percent of People with Each Score
Percentile by Number Answered
Your Score History
You have not taken this quiz